[Event "Barry Atkinson mem."]
[Site "Winnipeg CAN"]
[Date "2023.03.28"]
[Round "4.11"]
[White "Ash, Cory"]
[Black "Nouri, Farhad"]
[Result "1-0"]
[WhiteElo "937"]
[BlackElo "858"]
[PlyCount "107"]
[EventDate "2023.03.07"]
[EventType "swiss"]
[EventRounds "4"]
[EventCountry "CAN"]

1. e4 e5 2. Nf3 Nc6 3. Bb5 a6 4. Ba4 Nf6 5. d3 Be7 6. O-O O-O 7. c3 d5 8. Re1
dxe4 9. Bxc6 bxc6 10. Nxe5 Bb7 11. Nd2 exd3 12. Ndc4 Bd6 13. Qxd3 Ng4 14. Nxd6
Nxe5 15. Rxe5 Qxd6 16. Qe2 c5 17. Bf4 Qc6 18. f3 Qa4 19. Bg3 Rfe8 20. b3 Qd7
21. Re1 Rxe5 22. Qxe5 h6 23. Qxc7 Qxc7 24. Bxc7 Rc8 25. Bg3 Bc6 26. Kf2 Bb5 27.
c4 Bc6 28. Ke3 Re8+ 29. Kd2 Rxe1 30. Kxe1 g5 31. Bd6 g4 32. Ke2 gxf3+ 33. gxf3
Kg7 34. Bxc5 f5 35. f4 Kg6 36. Bf2 Kh5 37. Ke3 Kg4 38. Bg3 h5 39. Bf2 h4 40.
Kd4 Kf3 41. Bxh4 Kxf4 42. Bg3+ Kg4 43. Ke5 Bd7 44. a4 a5 45. c5 Bc6 46. Kd6 Be8
47. c6 Bxc6 48. Kxc6 f4 49. Kb5 f3 50. b4 axb4 51. Kxb4 f2 52. Bxf2 Kf5 53. a5
Ke6 54. h4 1-0

[Event "Bluenose op"]
[Site "Halifax CAN"]
[Date "2023.02.17"]
[Round "1"]
[White "Langen, Roger"]
[Black "Cashin, Ken"]
[Result "1-0"]
[WhiteElo "2067"]
[BlackElo "1692"]
[PlyCount "27"]
[EventDate "2023.02.17"]
[EventType "swiss"]
[EventRounds "5"]
[EventCountry "CAN"]

1. e4 c5 2. Nf3 g6 3. d4 cxd4 4. Nxd4 Bg7 5. c4 Nc6 6. Be3 Nf6 7. Nc3 O-O 8.
Be2 d6 9. O-O Ng4 10. Bxg4 Bxd4 11. Bxc8 Bxe3 12. Bxb7 Qb6 13. Bxa8 Rxa8 14.
Nd5 1-0

[Event "Bluenose op"]
[Site "Halifax CAN"]
[Date "2023.02.17"]
[Round "1"]
[White "McKearney, Ed"]
[Black "Gonzalez-Cueto, Jose"]
[Result "0-1"]
[WhiteElo "1657"]
[BlackElo "2030"]
[PlyCount "80"]
[EventDate "2023.02.17"]
[EventType "swiss"]
[EventRounds "5"]
[EventCountry "CAN"]

1. e4 e5 2. Nf3 Nf6 3. Nc3 Bb4 4. d3 Nc6 5. a3 Bxc3+ 6. bxc3 d5 7. Bg5 dxe4 8.
Bxf6 Qxf6 9. dxe4 O-O 10. Bd3 Be6 11. O-O Ne7 12. h3 Ng6 13. Nh2 Rad8 14. Ng4
Qg5 15. g3 h5 16. Ne3 Bxh3 17. Re1 Be6 18. Nf5 h4 19. Qf3 hxg3 20. Qxg3 Qxg3+
21. fxg3 Rd7 22. Rab1 c6 23. a4 Ne7 24. g4 Nc8 25. a5 g6 26. Ne3 Nd6 27. Kg2
Kg7 28. Kg3 Rh8 29. Rh1 Rdd8 30. c4 a6 31. g5 Rh5 32. Rxh5 gxh5 33. Kh4 f6 34.
Nf5+ Bxf5 35. exf5 e4 36. Be2 Nxf5+ 37. Kh3 fxg5 38. Rxb7+ Kh6 39. Rf7 g4+ 40.
Kg2 Kg5 0-1

[Event "Bluenose op"]
[Site "Halifax CAN"]
[Date "2023.02.18"]
[Round "2"]
[White "Abela, Paul"]
[Black "Langen, Roger"]
[Result "0-1"]
[WhiteElo "1820"]
[BlackElo "2067"]
[PlyCount "68"]
[EventDate "2023.02.17"]
[EventType "swiss"]
[EventRounds "5"]
[EventCountry "CAN"]

1. e4 Nf6 2. Nc3 d5 3. e5 Ne4 4. d4 Nxc3 5. bxc3 c5 6. Be3 Qa5 7. Bd2 Qc7 8.
Bb5+ Nc6 9. Ne2 e6 10. O-O Bd7 11. a4 Be7 12. Be3 O-O-O 13. f4 Na5 14. dxc5
Bxc5 15. Bxc5 Qxc5+ 16. Qd4 Qxd4+ 17. cxd4 a6 18. Bd3 g6 19. Rfb1 Bc6 20. Rb4
Kd7 21. Rd1 Rb8 22. c4 dxc4 23. Bxc4 Nxc4 24. Rxc4 b5 25. Rc5 bxa4 26. Nc3 Rhc8
27. d5 Bb5 28. dxe6+ Kxe6 29. Rd6+ Ke7 30. Nd5+ Kf8 31. Rxc8+ Rxc8 32. Rb6 a3
33. Nb4 Rc1+ 34. Kf2 a2 0-1

[Event "Bluenose op"]
[Site "Halifax CAN"]
[Date "2023.02.18"]
[Round "2"]
[White "Gonzalez-Cueto, Jose"]
[Black "MacRitchie, Josh"]
[Result "1-0"]
[WhiteElo "2030"]
[BlackElo "1843"]
[PlyCount "95"]
[EventDate "2023.02.17"]
[EventType "swiss"]
[EventRounds "5"]
[EventCountry "CAN"]

1. d4 Nf6 2. Nf3 g6 3. g3 Bg7 4. Bg2 d6 5. c4 c5 6. O-O cxd4 7. Nxd4 Qc7 8. b3
Nc6 9. Bb2 Bd7 10. Nc3 O-O 11. e4 Nxd4 12. Qxd4 e5 13. Qd2 Rfd8 14. Rad1 Bg4
15. f3 Qc5+ 16. Qf2 Be6 17. Nb5 Ne8 18. Ba3 Qb6 19. Rd3 Qxf2+ 20. Rxf2 a6 21.
Nxd6 Bf8 22. Rfd2 b5 23. c5 Nxd6 24. cxd6 Rac8 25. Bb2 f6 26. f4 Bh6 27. Rf2
Bg7 28. Bc3 Rc6 29. f5 Bd7 30. Ba5 Rdc8 31. Bc7 Kf7 32. g4 Bh6 33. Rff3 Rc1+
34. Rf1 Rc2 35. Ra1 Bd2 36. a4 Bc3 37. Rad1 Bd4+ 38. Rxd4 exd4 39. Rxd4 R8xc7
40. dxc7 Rxc7 41. Bf1 Ke7 42. axb5 Bxb5 43. Bxb5 axb5 44. Rb4 Rc5 45. h4 Kd6
46. Kf2 Rc2+ 47. Ke3 Kc5 48. Rd4 1-0

[Event "Bluenose op"]
[Site "Halifax CAN"]
[Date "2023.02.18"]
[Round "2"]
[White "Kapra, Jerjis"]
[Black "Zhang, Brian"]
[Result "1-0"]
[WhiteElo "2094"]
[BlackElo "1935"]
[PlyCount "55"]
[EventDate "2023.02.17"]
[EventType "swiss"]
[EventRounds "5"]
[EventCountry "CAN"]

1. e4 c5 2. Nc3 a6 3. Nge2 d6 4. g3 b5 5. Bg2 Bb7 6. d4 b4 7. Na4 cxd4 8. Nxd4
Nf6 9. O-O Nxe4 10. Re1 d5 11. c4 bxc3 12. Nxc3 Nxc3 13. bxc3 e6 14. Rb1 Qd7
15. c4 Bc5 16. cxd5 Bxd4 17. Qxd4 O-O 18. Bb2 f6 19. Rxe6 Rd8 20. Rd1 a5 21.
Rxf6 gxf6 22. Qxf6 Rf8 23. Qh8+ Kf7 24. Qg7+ Ke8 25. Re1+ Kd8 26. Qxf8+ Kc7 27.
Qc5+ Kd8 28. Bf6+ 1-0

[Event "Bluenose op"]
[Site "Halifax CAN"]
[Date "2023.02.18"]
[Round "3"]
[White "Charlton, Glenn"]
[Black "Felix, Chris"]
[Result "1/2-1/2"]
[WhiteElo "1987"]
[BlackElo "2014"]
[PlyCount "41"]
[EventDate "2023.02.17"]
[EventType "swiss"]
[EventRounds "5"]
[EventCountry "CAN"]

1. d4 Nf6 2. Nf3 e6 3. Bf4 c5 4. e3 Qb6 5. Nc3 a6 6. a3 Nc6 7. h3 Be7 8. dxc5
Qxc5 9. Bd3 O-O 10. O-O b5 11. Qe2 Bb7 12. e4 d6 13. Rfd1 Rfd8 14. Be3 Qh5 15.
Nd2 Qxe2 16. Bxe2 d5 17. exd5 Nxd5 18. Nxd5 Rxd5 19. c4 bxc4 20. Nxc4 Rad8 21.
Bf3 1/2-1/2

[Event "Bluenose op"]
[Site "Halifax CAN"]
[Date "2023.02.18"]
[Round "3"]
[White "Langen, Roger"]
[Black "Gonzalez-Cueto, Jose"]
[Result "1/2-1/2"]
[WhiteElo "2067"]
[BlackElo "2030"]
[PlyCount "99"]
[EventDate "2023.02.17"]
[EventType "swiss"]
[EventRounds "5"]
[EventCountry "CAN"]

1. e4 e5 2. f4 d5 3. exd5 e4 4. Nc3 Nf6 5. d3 Bb4 6. Bd2 exd3 7. Bxd3 O-O 8.
Nce2 Nxd5 9. Bxb4 Nxb4 10. Nf3 N8c6 11. O-O Nxd3 12. cxd3 Bf5 13. d4 Nb4 14.
Nc3 Nc2 15. g4 Ne3 16. Qc1 Nxg4 17. Qd2 Re8 18. Rae1 Qd6 19. Nh4 Bd7 20. f5
Rxe1 21. Rxe1 Qf6 22. Nf3 Qxf5 23. Ng5 h6 24. Nge4 Bc6 25. Ng3 Qf3 26. d5 Rd8
27. Rf1 Qe3+ 28. Qxe3 Nxe3 29. dxc6 Nxf1 30. Kxf1 Rd2 31. b3 bxc6 32. Nge2 f5
33. Ke1 Rd3 34. Kf2 g5 35. Na4 Kf7 36. Nc5 Rd2 37. a4 Rb2 38. h3 h5 39. Kf1 f4
40. Ke1 Kg6 41. Kf1 f3 42. Nd4 g4 43. hxg4 hxg4 44. Ne4 Kh5 45. a5 Kh4 46. Nf5+
Kh5 47. Nd4 Ra2 48. b4 Kh4 49. Nf5+ Kh5 50. Nd4 1/2-1/2

[Event "Bluenose op"]
[Site "Halifax CAN"]
[Date "2023.02.18"]
[Round "3"]
[White "Marchand, Calix"]
[Black "Kapra, Jerjis"]
[Result "0-1"]
[WhiteElo "2028"]
[BlackElo "2094"]
[PlyCount "66"]
[EventDate "2023.02.17"]
[EventType "swiss"]
[EventRounds "5"]
[EventCountry "CAN"]

1. e4 e5 2. Nf3 Nc6 3. Bc4 Nf6 4. d3 Bc5 5. Bg5 h6 6. Bh4 d6 7. c3 a6 8. a3 Ba7
9. h3 g5 10. Bg3 Nh5 11. Nxe5 Nxg3 12. Bxf7+ Kf8 13. Ng6+ Kxf7 14. Nxh8+ Qxh8
15. fxg3 Kg7 16. d4 Qe8 17. Qe2 Bd7 18. Nd2 Qg6 19. O-O-O Re8 20. Qc4 b5 21.
Qa2 Na5 22. Rhf1 Be6 23. d5 Bg8 24. b3 Be3 25. a4 Qxe4 26. axb5 Bh7 27. bxa6
Nxb3+ 28. Qxb3 Rb8 29. Kb2 Qc2+ 30. Ka3 Bc5+ 31. Ka4 Rxb3 32. Nxb3 Qa2+ 33. Kb5
Qxb3+ 0-1

[Event "Bluenose op"]
[Site "Halifax CAN"]
[Date "2023.02.19"]
[Round "4"]
[White "Gonzalez-Cueto, Jose"]
[Black "Felix, Chris"]
[Result "1/2-1/2"]
[WhiteElo "2030"]
[BlackElo "2014"]
[PlyCount "54"]
[EventDate "2023.02.17"]
[EventType "swiss"]
[EventRounds "5"]
[EventCountry "CAN"]

1. d4 Nf6 2. Nf3 g6 3. g3 Bg7 4. Bg2 O-O 5. O-O d6 6. c4 Nc6 7. Nc3 e5 8. dxe5
dxe5 9. Qxd8 Rxd8 10. Bg5 Be6 11. Bxf6 Bxf6 12. Ne4 Be7 13. b3 h6 14. Rad1 f5
15. Nc3 e4 16. Nd2 Rd7 17. Ndb1 Rad8 18. Rxd7 Rxd7 19. Rd1 Nd4 20. Kf1 a5 21.
e3 Nc2 22. Rxd7 Bxd7 23. Nd5 Bd8 24. Ke2 c6 25. Ndc3 Nb4 26. f3 exf3+ 27. Bxf3
Kf7 1/2-1/2

[Event "Bluenose op"]
[Site "Halifax CAN"]
[Date "2023.02.19"]
[Round "4"]
[White "Kapra, Jerjis"]
[Black "Langen, Roger"]
[Result "1-0"]
[WhiteElo "2094"]
[BlackElo "2067"]
[PlyCount "71"]
[EventDate "2023.02.17"]
[EventType "swiss"]
[EventRounds "5"]
[EventCountry "CAN"]

1. e4 e5 2. Nf3 d6 3. d4 Nd7 4. Bc4 Be7 5. Nc3 Ngf6 6. a4 a5 7. Ng5 d5 8. exd5
Bd6 9. O-O O-O 10. h3 exd4 11. Qxd4 Ne5 12. Be2 Ng6 13. Rd1 Qe7 14. Be3 Bf5 15.
Bd3 Bxd3 16. Rxd3 b6 17. Nge4 Be5 18. Nxf6+ Qxf6 19. Qc4 Qe7 20. Re1 Qb4 21. b3
Rfe8 22. Qxb4 axb4 23. Nb5 Nf4 24. Bxf4 Bxf4 25. Rxe8+ Rxe8 26. Kf1 Rd8 27. g3
Bd6 28. Nxd6 Rxd6 29. Ke2 Kf8 30. Ke3 Ke7 31. Rd4 f5 32. h4 g6 33. Kd3 h6 34.
Kc4 h5 35. Rd2 c5 36. Re2+ 1-0

[Event "Bluenose op"]
[Site "Halifax CAN"]
[Date "2023.02.19"]
[Round "4"]
[White "Zhang, Brian"]
[Black "Marchand, Calix"]
[Result "1-0"]
[WhiteElo "1935"]
[BlackElo "2028"]
[PlyCount "119"]
[EventDate "2023.02.17"]
[EventType "swiss"]
[EventRounds "5"]
[EventCountry "CAN"]

1. e4 a6 2. d4 b5 3. a4 Bb7 4. f3 b4 5. Be3 e6 6. Nd2 Nf6 7. Bd3 d5 8. e5 Nfd7
9. f4 c5 10. c3 Nc6 11. Ne2 g6 12. O-O Qb6 13. Nf3 a5 14. g4 Ba6 15. Bb1 Bh6
16. Qd2 Rb8 17. Rd1 bxc3 18. bxc3 Qb2 19. Ra2 Qb3 20. dxc5 g5 21. Ned4 Qb7 22.
f5 Ndxe5 23. Bxg5 Nxd4 24. Nxd4 Rg8 25. Bxh6 Rxg4+ 26. Kf2 Qe7 27. Bf4 Rxb1 28.
Bxe5 Rxd1 29. Qxd1 Qh4+ 30. Bg3 Rxg3 31. hxg3 Qh2+ 32. Kf3 Qxa2 33. fxe6 Qh2
34. exf7+ Kxf7 35. Qe1 Qh5+ 36. Kg2 Bc8 37. Qf2+ Kg7 38. Qf4 Bg4 39. c6 Qg6 40.
Qe5+ Kf8 41. Qxd5 Qh6 42. Qd8+ Kf7 43. Qd5+ Kf8 44. Qd8+ Kf7 45. Qc7+ Kg8 46.
Qf4 Qg6 47. c7 Bc8 48. Qh4 Bb7+ 49. Kf2 Qf7+ 50. Qf4 Qh5 51. Nf5 Qh2+ 52. Ke3
Qg1+ 53. Qf2 Qc1+ 54. Qd2 Qg1+ 55. Kf4 Qf1+ 56. Kg5 h6+ 57. Nxh6+ Kg7 58. Qd7+
Kh8 59. Qd8+ Kh7 60. Qg8# 1-0

[Event "Bluenose op"]
[Site "Halifax CAN"]
[Date "2023.02.19"]
[Round "5"]
[White "Felix, Chris"]
[Black "Kapra, Jerjis"]
[Result "0-1"]
[WhiteElo "2014"]
[BlackElo "2094"]
[PlyCount "30"]
[EventDate "2023.02.17"]
[EventType "swiss"]
[EventRounds "5"]
[EventCountry "CAN"]

1. e4 e5 2. Nf3 Nc6 3. Bb5 a6 4. Ba4 d6 5. c3 f5 6. d4 fxe4 7. Nxe5 dxe5 8.
Qh5+ Ke7 9. Bxc6 bxc6 10. Bg5+ Nf6 11. dxe5 Qd5 12. f4 exf3 13. Kf2 Be6 14. Re1
Kd7 15. exf6 Bc5+ 0-1

[Event "Bluenose op"]
[Site "Halifax CAN"]
[Date "2023.02.19"]
[Round "5"]
[White "Heran-Boily, Samuel"]
[Black "Gonzalez-Cueto, Jose"]
[Result "1/2-1/2"]
[WhiteElo "1946"]
[BlackElo "2030"]
[PlyCount "98"]
[EventDate "2023.02.17"]
[EventType "swiss"]
[EventRounds "5"]
[EventCountry "CAN"]

1. e4 e5 2. Nf3 Nf6 3. Nxe5 d6 4. Nf3 Nxe4 5. d4 d5 6. Bd3 Nc6 7. O-O Bg4 8.
Re1 Be7 9. Bxe4 dxe4 10. Rxe4 f5 11. Re3 Bxf3 12. Rxf3 Qxd4 13. Rd3 Qh4 14. Nd2
O-O 15. Nf3 Qh5 16. Bf4 Rad8 17. Bxc7 Rxd3 18. Qxd3 Bf6 19. Qb3+ Qf7 20. Qxb7
Bxb2 21. Rb1 Qd7 22. Qb3+ Kh8 23. Bf4 Bf6 24. c4 Rd8 25. h3 h6 26. Re1 Nd4 27.
Nxd4 Bxd4 28. Re2 Bb6 29. Rd2 Qe7 30. Rxd8+ Qxd8 31. Qc2 Qd4 32. Be3 Qa1+ 33.
Bc1 Qe5 34. Qd2 Bc7 35. Bb2 Qh2+ 36. Kf1 Be5 37. Bxe5 Qxe5 38. Kg1 a5 39. Qc1
Qc5 40. Qc2 f4 41. Qb3 Qe5 42. Qb1 a4 43. Qc1 Qc5 44. Qxf4 Qb4 45. Qe4 Qb2 46.
Qe8+ Kh7 47. Qxa4 Qc1+ 48. Kh2 Qf4+ 49. Kh1 Qc1+ 1/2-1/2

[Event "British Columbia -ch Seniors"]
[Site "Surrey CAN"]
[Date "2023.06.09"]
[Round "1.1"]
[White "Fuentebella, Mayo"]
[Black "Briner, Julius"]
[Result "1-0"]
[WhiteElo "2249"]
[BlackElo "1516"]
[PlyCount "53"]
[EventDate "2023.06.09"]
[EventType "swiss"]
[EventRounds "5"]
[EventCountry "CAN"]

1. c4 e6 2. Nc3 f5 3. d4 Nf6 4. a3 d5 5. Bg5 Be7 6. Bxf6 Bxf6 7. Nf3 Nd7 8.
cxd5 exd5 9. Nxd5 O-O 10. e3 c5 11. Bc4 Kh8 12. O-O Nb6 13. Nxb6 Qxb6 14. Qd2
Rd8 15. Rfd1 Be6 16. Rac1 cxd4 17. Bxe6 Qxe6 18. Nxd4 Qb6 19. g3 g6 20. h4 Rd7
21. Rc4 Rad8 22. b4 Qd6 23. Qc2 Qb6 24. a4 Bxd4 25. Rcxd4 Rxd4 26. Rxd4 Kg7 27.
a5 1-0

[Event "British Columbia -ch Seniors"]
[Site "Surrey CAN"]
[Date "2023.06.09"]
[Round "1.2"]
[White "Pangilinan, Emmanuel"]
[Black "Beqo, Besnik"]
[Result "0-1"]
[WhiteElo "1503"]
[BlackElo "2139"]
[PlyCount "112"]
[EventDate "2023.06.09"]
[EventType "swiss"]
[EventRounds "5"]
[EventCountry "CAN"]

1. e4 c5 2. Nc3 a6 3. a4 Nc6 4. f4 d6 5. Bc4 e6 6. Nf3 Nf6 7. Ba2 Be7 8. Bb1
Rb8 9. d3 b5 10. axb5 axb5 11. Ne2 Qc7 12. Ng3 h5 13. Ng5 h4 14. Ne2 e5 15. f5
d5 16. c3 b4 17. Ng1 dxe4 18. dxe4 c4 19. Be3 Bd7 20. N1h3 Na5 21. Bc2 Bc5 22.
Qe2 bxc3 23. bxc3 Rb2 24. Bc1 Rb8 25. Nf2 Nb3 26. Rb1 Nxc1 27. Rxc1 Rb2 28. Rb1
Qa5 29. Nd1 Rxb1 30. Bxb1 Qa6 31. Ba2 Bb5 32. Bb1 Ke7 33. Nf3 Nd7 34. Ne3 Bxe3
35. Qxe3 f6 36. O-O h3 37. gxh3 Rxh3 38. Kg2 Rh8 39. Qf2 Bc6 40. Nh4 Rb8 41.
Ng6+ Kf7 42. Qe2 Nf8 43. Ba2 Bxe4+ 44. Qxe4 Qxa2+ 45. Rf2 Qa8 46. Qxa8 Rxa8 47.
Nh4 Ra3 48. Rc2 g6 49. Kf3 gxf5 50. Nxf5 Ke6 51. Ne3 Ra4 52. Ke4 Nd7 53. h4 f5+
54. Kf3 f4 55. Nd1 Kf5 56. Rg2 e4+ 0-1

[Event "British Columbia -ch Seniors"]
[Site "Surrey CAN"]
[Date "2023.06.09"]
[Round "1.4"]
[White "Batisse, Norman"]
[Black "McLaren, Brian"]
[Result "0-1"]
[WhiteElo "1103"]
[BlackElo "2012"]
[PlyCount "92"]
[EventDate "2023.06.09"]
[EventType "swiss"]
[EventRounds "5"]
[EventCountry "CAN"]

1. e4 Nf6 2. e5 Nd5 3. c4 Nb6 4. d4 d6 5. exd6 exd6 6. Nc3 Be7 7. Nf3 Bg4 8.
Be2 c6 9. Be3 Bxf3 10. Bxf3 Nxc4 11. Bc1 d5 12. b3 Nd6 13. O-O O-O 14. Ne2 Nd7
15. Be3 Re8 16. Ng3 Nf8 17. Qc2 g6 18. Bg4 f5 19. Bf3 Ne6 20. Ne2 Bf6 21. Rad1
Qe7 22. Nf4 Nxf4 23. Bxf4 Nb5 24. Be3 Qg7 25. Qd2 g5 26. Qd3 f4 27. a4 Nc7 28.
Bc1 g4 29. Be2 f3 30. Bxf3 gxf3 31. Qxf3 Re4 32. Qh5 Qg6 33. Qh3 Bxd4 34. Rd3
Rg4 35. Be3 Bxe3 36. Rxe3 Re8 37. Rxe8+ Nxe8 38. Re1 Re4 39. Rf1 Nd6 40. Qd7
Qe6 41. Qd8+ Kf7 42. Qh8 Kg6 43. Qc3 d4 44. Qg3+ Rg4 45. Qd3+ Qe4 46. Qd2 Qxg2#
0-1

[Event "British Columbia -ch Seniors"]
[Site "Surrey CAN"]
[Date "2023.06.09"]
[Round "1.5"]
[White "Kagaoan, Jose"]
[Black "Gairdner, Dennis"]
[Result "1-0"]
[WhiteElo "1928"]
[BlackElo "1487"]
[PlyCount "51"]
[EventDate "2023.06.09"]
[EventType "swiss"]
[EventRounds "5"]
[EventCountry "CAN"]

1. e4 e6 2. b3 d5 3. Bb2 dxe4 4. Nc3 Nf6 5. f3 Nbd7 6. fxe4 Be7 7. Nf3 b6 8.
Bc4 Bb7 9. Qe2 a6 10. a4 O-O 11. O-O c6 12. d4 b5 13. Bd3 Qc7 14. e5 Nd5 15.
Nxd5 exd5 16. e6 Nf6 17. Ng5 h6 18. exf7+ Kh8 19. Ne6 Qd6 20. Nxf8 Rxf8 21.
Rae1 Bd8 22. Qe6 Bc7 23. Qxd6 Bxd6 24. Re6 Bb4 25. c3 Ba5 26. Bg6 1-0

[Event "British Columbia -ch Seniors"]
[Site "Surrey CAN"]
[Date "2023.06.09"]
[Round "1.9"]
[White "Kerry, James"]
[Black "Bridger, Richard"]
[Result "1-0"]
[WhiteElo "1802"]
[BlackElo "1378"]
[PlyCount "93"]
[EventDate "2023.06.09"]
[EventType "swiss"]
[EventRounds "5"]
[EventCountry "CAN"]

1. e4 b6 2. d4 e6 3. Nf3 d6 4. Bd3 Bb7 5. Nc3 g6 6. O-O Bg7 7. Be3 Ne7 8. Qd2
h6 9. Rfe1 Nd7 10. a4 a6 11. Ne2 Nf6 12. Ng3 Ng4 13. c3 Nxe3 14. Qxe3 Qd7 15.
e5 d5 16. b4 O-O-O 17. Qe2 c6 18. Bxa6 Bxa6 19. Qxa6+ Qb7 20. Qd3 Kc7 21. a5
Ra8 22. axb6+ Qxb6 23. Nd2 Ra7 24. Rxa7+ Qxa7 25. Nb3 Ra8 26. Ra1 Qb8 27. Ra5
Rxa5 28. Nxa5 Qb5 29. Qd1 Kd7 30. Nb3 Ke8 31. Qa1 Qb8 32. Nc5 f6 33. exf6 Bxf6
34. Nxe6 Kf7 35. Qe1 Qd6 36. Nc5 Nc8 37. Nf1 Ne7 38. Nd3 Kg7 39. Nd2 Qd8 40. g3
Nf5 41. Qe6 Nd6 42. Ne5 Qc7 43. Nd7 Bg5 44. f4 Bd8 45. Nf3 Nf7 46. Nfe5 Nxe5
47. Qxe5+ 1-0

[Event "British Columbia -ch Seniors"]
[Site "Surrey CAN"]
[Date "2023.06.10"]
[Round "2.1"]
[White "Ingram, Richard"]
[Black "Fuentebella, Mayo"]
[Result "0-1"]
[WhiteElo "1550"]
[BlackElo "2249"]
[PlyCount "108"]
[EventDate "2023.06.09"]
[EventType "swiss"]
[EventRounds "5"]
[EventCountry "CAN"]

1. e4 c5 2. Nf3 e6 3. d4 cxd4 4. Nxd4 Nf6 5. Nc3 d6 6. Be3 a6 7. f3 Qc7 8. Qd2
Be7 9. O-O-O b5 10. Bd3 Bb7 11. g4 Nc6 12. g5 Nd7 13. f4 Nc5 14. Nxc6 Bxc6 15.
a3 Qb7 16. Bd4 O-O 17. Rhe1 b4 18. axb4 Qxb4 19. Qf2 e5 20. fxe5 dxe5 21. Bxe5
Bxg5+ 22. Kb1 f6 23. Qd4 Qxd4 24. Bxd4 Nxd3 25. cxd3 Bf4 26. Re2 Rad8 27. Be3
Bb8 28. d4 Rfe8 29. d5 Bb7 30. Kc2 Be5 31. Bb6 Rd7 32. Bd4 Bb8 33. Rg1 Kf7 34.
Reg2 g6 35. Rf1 Be5 36. Bxe5 Rxe5 37. Rgf2 Rd6 38. Rf4 g5 39. Rf5 Rxf5 40. Rxf5
Kg6 41. Ne2 Bc8 42. Rf2 f5 43. exf5+ Bxf5+ 44. Kc3 Rxd5 45. Nd4 Bd7 46. Kc4 Re5
47. b4 h5 48. Rd2 g4 49. Nc2 Be6+ 50. Kc3 h4 51. Rg2 Kg5 52. Kd4 Rd5+ 53. Ke4
Rb5 54. Nd4 Bd5+ 0-1

[Event "British Columbia -ch Seniors"]
[Site "Surrey CAN"]
[Date "2023.06.10"]
[Round "2.2"]
[White "Beqo, Besnik"]
[Black "Kerry, James"]
[Result "1-0"]
[WhiteElo "2139"]
[BlackElo "1802"]
[PlyCount "125"]
[EventDate "2023.06.09"]
[EventType "swiss"]
[EventRounds "5"]
[EventCountry "CAN"]

1. e4 c5 2. Nf3 d6 3. Bb5+ Nd7 4. a4 Ngf6 5. Qe2 a6 6. Bd3 g6 7. c3 Bg7 8. Bc2
c4 9. Qxc4 Nb6 10. Qe2 Bg4 11. h3 Be6 12. O-O O-O 13. Ng5 Bd7 14. d3 h6 15. Nf3
Qc7 16. Be3 e5 17. Nbd2 Rae8 18. a5 Nc8 19. Bb3 Be6 20. Bxe6 fxe6 21. Nc4 Nd7
22. Nh2 d5 23. Nb6 Ncxb6 24. axb6 Nxb6 25. Qg4 Kh7 26. Qh4 Nc8 27. Ng4 h5 28.
Nh2 Qe7 29. Qg3 Nd6 30. Nf3 Nf7 31. Ra5 d4 32. cxd4 exd4 33. Bd2 e5 34. Nh4 Qe6
35. Rc1 Rc8 36. Rac5 Rxc5 37. Rxc5 Nh8 38. Nf3 Nf7 39. Rc7 Qb6 40. Rxf7 Rxf7
41. Ng5+ Kg8 42. Nxf7 Kxf7 43. b4 Kg8 44. Kf1 Kh7 45. Qg5 Qf6 46. Qxf6 Bxf6 47.
Ke2 Kg7 48. g4 hxg4 49. hxg4 Kf7 50. f4 Ke6 51. f5+ gxf5 52. exf5+ Kd5 53. g5
Bd8 54. Kf3 b6 55. g6 Bf6 56. Bh6 a5 57. bxa5 bxa5 58. g7 Bxg7 59. Bxg7 a4 60.
Bf8 e4+ 61. dxe4+ Ke5 62. Bg7+ Kd6 63. Bxd4 1-0

[Event "British Columbia -ch Seniors"]
[Site "Surrey CAN"]
[Date "2023.06.10"]
[Round "2.3"]
[White "McLaren, Brian"]
[Black "Landingin, Jofrel"]
[Result "1-0"]
[WhiteElo "2012"]
[BlackElo "1560"]
[PlyCount "53"]
[EventDate "2023.06.09"]
[EventType "swiss"]
[EventRounds "5"]
[EventCountry "CAN"]

1. e4 e5 2. Bc4 Bc5 3. d4 Bxd4 4. Nf3 Nc6 5. Nxd4 exd4 6. O-O Qf6 7. f4 Nh6 8.
Nd2 Na5 9. Bd3 c5 10. e5 Qh4 11. Ne4 b6 12. Nd6+ Kf8 13. Be4 Nc6 14. b4 Rb8 15.
bxc5 bxc5 16. Rf3 Ng4 17. h3 Nh6 18. Ba3 Nb4 19. Bxb4 cxb4 20. Qxd4 f5 21. Bd5
g5 22. e6 Ke7 23. Qxh8 Bb7 24. Qg7+ Kxd6 25. Qxd7+ Kc5 26. Qc7+ Kxd5 27. Rd1+
1-0

[Event "British Columbia -ch Seniors"]
[Site "Surrey CAN"]
[Date "2023.06.10"]
[Round "2.4"]
[White "Verdon, Norman"]
[Black "Curiel, Hector"]
[Result "1-0"]
[WhiteElo "1897"]
[BlackElo "1551"]
[PlyCount "100"]
[EventDate "2023.06.09"]
[EventType "swiss"]
[EventRounds "5"]
[EventCountry "CAN"]

1. Nf3 Nf6 2. e3 d5 3. b3 e6 4. Bb2 Nbd7 5. Be2 Bd6 6. d4 O-O 7. c4 c6 8. Nbd2
Re8 9. O-O e5 10. dxe5 Nxe5 11. Nxe5 Bxe5 12. Bxe5 Rxe5 13. Nf3 Re7 14. Qc2 Bg4
15. Rfd1 Rc8 16. Rac1 Qc7 17. cxd5 cxd5 18. Qb2 Qd6 19. h3 Rxc1 20. Rxc1 Be6
21. Nd4 a6 22. a3 h6 23. Bd3 Rc7 24. b4 Nd7 25. Rc2 Ne5 26. Bf1 Nc4 27. Qc1 b5
28. Bd3 Qe5 29. f4 Qd6 30. Kf2 Re7 31. Rc3 Bd7 32. Be2 Qf6 33. Bxc4 dxc4 34.
Qd2 Qd6 35. Nf3 Qxd2+ 36. Nxd2 Bc6 37. g4 Rd7 38. Ke2 Bg2 39. e4 Rd4 40. Ke3
Rd7 41. h4 Bh3 42. g5 h5 43. Nf3 f6 44. Nd4 Kf7 45. e5 fxe5 46. fxe5 g6 47. Rc2
Bg4 48. Rf2+ Kg7 49. Rf6 Ra7 50. Rc6 Kf7 1-0

[Event "British Columbia -ch Seniors"]
[Site "Surrey CAN"]
[Date "2023.06.10"]
[Round "2.15"]
[White "Mohammed Qanee, Arpak Worya"]
[Black "Gulbinowicz, Mark"]
[Result "1-0"]
[WhiteElo "2079"]
[BlackElo "1526"]
[PlyCount "49"]
[EventDate "2023.06.09"]
[EventType "swiss"]
[EventRounds "5"]
[EventCountry "CAN"]

1. e4 g6 2. d4 Bg7 3. Nf3 d6 4. Bc4 Nf6 5. Nc3 a6 6. a4 O-O 7. O-O Bg4 8. h3
Bxf3 9. Qxf3 Nc6 10. Be3 e5 11. dxe5 Nxe5 12. Qe2 Nxc4 13. Qxc4 Re8 14. Rfd1
Qe7 15. Bg5 c6 16. Qb4 Rad8 17. Rd3 h6 18. Bxf6 Bxf6 19. Rad1 Be5 20. a5 Qc7
21. Na4 c5 22. Qb6 Qxb6 23. Nxb6 Kg7 24. Nc4 Re6 25. c3 1-0

[Event "British Columbia -ch Seniors"]
[Site "Surrey CAN"]
[Date "2023.06.10"]
[Round "3.1"]
[White "Fuentebella, Mayo"]
[Black "McLaren, Brian"]
[Result "1-0"]
[WhiteElo "2249"]
[BlackElo "2012"]
[PlyCount "115"]
[EventDate "2023.06.09"]
[EventType "swiss"]
[EventRounds "5"]
[EventCountry "CAN"]

1. c4 c5 2. Nc3 Nf6 3. Nf3 e6 4. d4 cxd4 5. Nxd4 a6 6. a3 Qc7 7. e4 d6 8. Be2
Be7 9. O-O O-O 10. Be3 Nbd7 11. Rc1 b6 12. f3 Bb7 13. Qd2 Rac8 14. Rfd1 Rfe8
15. g4 g6 16. Kg2 Qb8 17. Bf2 Ne5 18. Na4 Nexg4 19. fxg4 Nxe4 20. Qc2 Nxf2+ 21.
Kxf2 d5 22. Kg1 b5 23. Nc3 bxc4 24. Bf3 Bc5 25. Kh1 Red8 26. Bg2 Kg7 27. Qf2
Qe5 28. Nce2 Qf6 29. Qg3 Bd6 30. g5 Qe5 31. Qh4 Rh8 32. Qh6+ Kg8 33. Re1 Bf8
34. Qh4 h6 35. Nf3 hxg5 36. Qg4 Qf5 37. Qg3 Bg7 38. Rf1 Qd3 39. Qf2 Rc7 40.
Nxg5 Rh5 41. Nf4 Qf5 42. Nxh5 Qxf2 43. Rxf2 gxh5 44. Bf3 Bd4 45. Rg2 Kf8 46.
Bxh5 Be3 47. Rf1 Bxg5 48. Rxg5 d4+ 49. Bf3 Bxf3+ 50. Rxf3 c3 51. bxc3 dxc3 52.
Rf1 Ke7 53. Rc1 Kd6 54. Rg3 c2 55. Kg2 f5 56. Rb3 Kd5 57. Rb2 Rc3 58. Ra2 1-0